000 00514nam a2200193 a 4500
001 1772883571154
003 YourLibrary
005 20260307171106.0
008 260307s2005##################000#0#eng##
020 _a9780415360104
082 0 4 _a326.095
_bALP
100 1 _aAlpers, Edward A.,
_eauthor.
245 1 0 _aSlavery and Resistance in Africa and Asia :
260 _bPsychology Press,
_c2005.
300 _a143 pages
650 0 _aHistory.
942 _cENGLISH
040 _aYourLibrary
_beng
_cYourLibrary
999 _c617159
_d617159